Magyarország külpolitikai elszigetelődése 1476-ban
The author in this study undertook to describe how European events between 1465-1475 had effects on Hungary. She came to the conclusion that Hungary in 1476 became isolated in respects of foreign politics, could make an alliance only with Naples and Papal State. This forced King Matthias I of Hungar...
Elmentve itt :
| Szerző: | |
|---|---|
| Dokumentumtípus: | Cikk |
| Megjelent: |
University of Szeged, Magyar Medievisztikai Kutatócsoport
Szeged
2005
|
| Sorozat: | Acta Universitatis Szegediensis : acta historica
122 |
| Kulcsszavak: | Magyarország története - 1476, Külpolitika - Magyarország - 1476 |
| Tárgyszavak: | |
| Online Access: | http://acta.bibl.u-szeged.hu/2973 |
| LEADER | 01279nab a2200229 i 4500 | ||
|---|---|---|---|
| 001 | acta2973 | ||
| 005 | 20260129155816.0 | ||
| 008 | 161015s2005 hu o 000 hun d | ||
| 022 | |a 0324-6965 | ||
| 040 | |a SZTE Egyetemi Kiadványok Repozitórium |b hun | ||
| 041 | |a hun | ||
| 041 | |a eng | ||
| 100 | 1 | |a Teiszler Éva | |
| 245 | 1 | 0 | |a Magyarország külpolitikai elszigetelődése 1476-ban |h [elektronikus dokumentum] / |c Teiszler Éva |
| 260 | |a University of Szeged, Magyar Medievisztikai Kutatócsoport |b Szeged |c 2005 | ||
| 300 | |a 55-62 | ||
| 490 | 0 | |a Acta Universitatis Szegediensis : acta historica |v 122 | |
| 520 | 3 | |a The author in this study undertook to describe how European events between 1465-1475 had effects on Hungary. She came to the conclusion that Hungary in 1476 became isolated in respects of foreign politics, could make an alliance only with Naples and Papal State. This forced King Matthias I of Hungary to start war against Emperor Frederic III, to achieve that his progeny would be the king of Hungary. | |
| 650 | 4 | |a Bölcsészettudományok | |
| 650 | 4 | |a Történettudomány és régészet | |
| 695 | |a Magyarország története - 1476, Külpolitika - Magyarország - 1476 | ||
| 856 | 4 | 0 | |u http://acta.bibl.u-szeged.hu/2973/1/historica_122_055-062.pdf |z Dokumentum-elérés |